Commodities prices and critical parameters for macroeconomic performance (Registro nro. 23072)

Detalles MARC
000 -LEADER
fixed length control field 00442 a2200133 4500
001 - CONTROL NUMBER
control field ART_49713
005 - DATE AND TIME OF LATEST TRANSACTION
control field 20260410161829.0
008 - FIXED-LENGTH DATA ELEMENTS--GENERAL INFORMATION
fixed length control field 260409a
100 1# - MAIN ENTRY--PERSONAL NAME
Personal name Chisari, Omar O.
245 10 - TITLE STATEMENT
Title Commodities prices and critical parameters for macroeconomic performance
700 1# - ADDED ENTRY--PERSONAL NAME
Personal name Mastronardi, Leonardo Javier
700 1# - ADDED ENTRY--PERSONAL NAME
Personal name Romero, Carlos A.
773 0# - HOST ITEM ENTRY
Title Estudios Económicos
Related parts - Vol. 36, Nº 72 (ene./jun. 2019)
Record control number REV5080

No hay ítems disponibles.